| 000 | 00381nam a22001337a 4500 | ||
|---|---|---|---|
| 999 |
_c514232 _d514232 |
||
| 008 | 201019b ||||| |||| 00| 0 eng d | ||
| 100 |
_aHasan, Joya _918734 |
||
| 245 | _aMajoritarianism and the future of India's democracy | ||
| 260 | _aSocial Scientist | ||
| 300 | _a48(1-2), Jan-Feb, 2020: p.3-16 | ||
| 773 | _aSocial Scientist | ||
| 906 | _aDEMOCRACY - INDIA | ||
| 942 | _cAR | ||